Англійська мова для правників (Запис № 326718)

МАРК-запис
000 -Лідер
fixed length control field 00780nam a22002417a 4500
001 - Контрольний номер
control field 40578
003 - Ідентифікатор контрольного номера
control field UA-OsUOA
005 - Дата та час останнього входження (трансакції)
control field 20230801224958.0
007 - Фіксоване поле фізичного опису
fixed length control field ta
008 - Елементи даних фіксованої довжини – загальна інформація
fixed length control field 20060811b un ||||| |||| 00| 0 ukr d
020 ## - Міжнародний стандартний книжковий номер (ISBN)
Міжнародний стандартний книжковий номер (ISBN) (НП) 966-518-185-8
040 ## - Джерело каталогізації
Агенція оригінальної каталогізації UA-OsUOA
Мова каталогізації ukr
Агенція, яка здійснювала перезапис UA-OsUOA
Агенція, яка здійснювала модифікацію UA-OsUOA
041 ## - Код мови
Код мови тексту/ звукової доріжки чи окремого заголовка (П) ukr
080 ## - Індекс Універсальної десяткової класифікації
Індекс Універсальної десяткової класифікації (УДК) (НП) 811.111.34
090 ## - Локальний шифр розміщення
Класифікаційний індекс УДК 811.111.34
Авторський знак (НП) З-58
100 ## - Основне введення – ім’я особи
Ім’я особи (НП) Зернецький П. В.
245 ## - Відомості про назву
Назва (НП) Англійська мова для правників
Решта назви (НП) навчальний посібник
Дані про відповідальність (НП) П. В. Зернецький, М. В. Орлов
260 ## - Публікація, розповсюдження і т.п. (Вихідні дані)
Місце публікації, розповсюдження і т.п. (П) К.
Ім’я/ наймення видавництва, розповсюджувача і т.п. (П) КМА
Дата публікації, розповсюдження і т.п. (П) 2003
300 ## - Фізичний опис
Обсяг 182 с.
650 #7 - Додаткове предметне введення – тематичний термін
Тематичний термін чи географічна назва, як елемент введення (НП) 8 Мовознавство. Художня література. Літературознавство
Джерело заголовка чи терміна UDC
942 ## - Додаткові елементи входу (Коха)
Тип елемента Koha Книги
Source of classification or shelving scheme Universal Decimal Classification
955 ## - Код типу видання за змістом
Код типу видання за змістом (НП) Навчальні видання
Фонди
Стан вилучень Стан втрат Джерело класифікації або схеми стелажів Стан уражень Не для кредиту Постійне місце розташування Поточне розміщення Дата придбання Джерело придбання Вартість, звичайна ціна покупки Інвентарний номер Усього замовленно Повний номер виклику Штрих-код Дата останнього перегляду Ціна ефективна від Тип елемента Koha
    Universal Decimal Classification     АБ - Абонемент НБ АБ - Абонемент НБ 11/08/2006 84/2006 17.50 98145   811.111.34 З-58 98145 11/01/2022 11/08/2006 Книги
    Universal Decimal Classification     АБ - Абонемент НБ АБ - Абонемент НБ 11/08/2006 84/2006 17.50 98146   811.111.34 З-58 98146 11/01/2022 11/08/2006 Книги
    Universal Decimal Classification     АБ - Абонемент НБ АБ - Абонемент НБ 11/08/2006 84/2006 17.50 98147   811.111.34 З-58 98147 11/01/2022 11/08/2006 Книги
Withdrawn   Universal Decimal Classification     АБ - Абонемент НБ АБ - Абонемент НБ 11/08/2006 84/2006 17.50 98148   811.111.34 З-58 98148 13/07/2019 11/08/2006 Книги
    Universal Decimal Classification     АБ - Абонемент НБ АБ - Абонемент НБ 11/08/2006 84/2006 17.50 98149   811.111.34 З-58 98149 11/01/2022 11/08/2006 Книги